TH-SOF-1720-Using Blockchain for Electronic Health Records (Record no. 577349)

000 -LEADER
fixed length control field 00361nam a22001217a 4500
082 ## - DEWEY DECIMAL CLASSIFICATION NUMBER
Classification number 200 THE
100 ## - MAIN ENTRY--PERSONAL NAME
Personal name Ayesha Shahnaz
9 (RLIN) 70362
245 ## - TITLE STATEMENT
Title TH-SOF-1720-Using Blockchain for Electronic Health Records
260 ## - PUBLICATION, DISTRIBUTION, ETC.
Place of publication, distribution, etc. ISLAMABAD
Name of publisher, distributor, etc. NUST COLLEGE OF EME
Date of publication, distribution, etc. 2019
650 ## - SUBJECT ADDED ENTRY--TOPICAL TERM
Topical term or geographic name entry element MS-CSE-2017 MSTHESIS
9 (RLIN) 70363
700 ## - ADDED ENTRY--PERSONAL NAME
Personal name Supervisor: Dr. Usman Qamar
9 (RLIN) 69693
942 ## - ADDED ENTRY ELEMENTS (KOHA)
Koha item type Computer Files
Holdings
Withdrawn status Lost status Damaged status Not for loan Permanent Location Current Location Shelving location Date acquired Total Checkouts Full call number Barcode Date last seen Price effective from Koha item type
        College of Electrical & Mechanical Engineering (CEME) College of Electrical & Mechanical Engineering (CEME) Reference 11/27/2019   200 THE TH-SOF-1720 06/28/2021 06/28/2021 Computer Files
© 2023 Central Library, National University of Sciences and Technology. All Rights Reserved.